| 000 | 00587cam a22002291 4500 | ||
|---|---|---|---|
| 001 | sa 67000577 | ||
| 003 | DLC | ||
| 005 | 20260227112315.0 | ||
| 008 | 890811s1965 ii 000 0 beno | ||
| 010 | _asa 67000577 | ||
| 035 | _a(OCoLC)20162276 | ||
| 040 |
_aDLC _cWaU _dDLC |
||
| 042 | _apremarc | ||
| 050 | 0 | 0 |
_aPK1658 _b.R3 1958a |
| 100 | 1 |
_aRay, Sushil, _d1915- |
|
| 245 | 1 | 0 | _aBaṅgaprasaṅga. |
| 260 | _c[1965] | ||
| 300 |
_a11, 310 p. _c23 cm. |
||
| 500 | _aIn Bengali. | ||
| 500 | _aIncludes biographical sketches of the contributors. | ||
| 650 | 0 | _aBengali philology. | |
| 999 |
_c72057 _d72057 |
||